=LDR 00000nam 2200000 4500 =001 INLIS000000000021541 =005 20130612120408 =008 ***********************************Ind** =035 ##$$0010-061300000021541 =041 ##$$a Ind =082 ##$$a 607.6 =090 ##$$a 607.6, Par t =100 ##$$a Parker, Steve =245 ##$$a Tanya jawab sains dan teknologi, Steve Parker =260 ##$$a 2005 $b Jakarta =300 ##$$a 39 hlm, ilus, 25 cm =650 ##$$a Pendidikan dan Penelitian =850 ##$$a NBPNMAT